| 000 | 01678cam a2200361 a 4500 | ||
|---|---|---|---|
| 001 | 14779728 | ||
| 005 | 20110322104146.0 | ||
| 008 | 070322s2007 nyua j 000 1 eng | ||
| 010 | _a 2007925449 | ||
| 020 | _a00747591067 | ||
| 020 | _a9780747591061 | ||
| 040 |
_aDLC _cDLC _dDLC |
||
| 042 | _alcac | ||
| 082 | 0 | 0 |
_a823.914 _222 _bROW |
| 100 | 1 |
_aRowling, J. K. _922827 |
|
| 245 | 1 | 0 |
_aHarry Potter and the Deathly Hallows / _cby J.K. Rowling |
| 260 |
_aLondon : _bBloomsBury, 2007 _c2007. |
||
| 300 |
_a607 p. ; _c24 cm. |
||
| 520 | _aBurdened with the dark, dangerous, and seemingly impossible task of locating and destroying Voldemort's remaining Horcruxes, Harry, feeling alone and uncertain about his future, struggles to find the inner strength he needs to follow the path set out before him. | ||
| 650 | 0 |
_aPotter, Harry (Fictitious character) _vJuvenile fiction. _922828 |
|
| 650 | 0 |
_aGranger, Hermione (Fictitious character) _vJuvenile fiction. _922829 |
|
| 650 | 0 |
_aWeasley, Ron (Fictitious character) _vJuvenile fiction. _922830 |
|
| 650 | 0 |
_aHogwarts School of Witchcraft and Wizardry (Imaginary organization) _vJuvenile fiction. _922831 |
|
| 650 | 1 |
_aWizards _vFiction. _922832 |
|
| 650 | 1 |
_aMagic _vFiction. _922833 |
|
| 650 | 1 |
_aComing of age _vFiction. _922834 |
|
| 651 | 1 |
_aEngland _vFiction. _922835 |
|
| 653 |
_bENG _cApril2011 |
||
| 942 |
_2ddc _cBB |
||
| 999 |
_c15058 _d15058 |
||